| 000 | 00346nam a22001217a 4500 | ||
|---|---|---|---|
| 999 |
_c1170 _d1170 |
||
| 005 | 20200825155854.0 | ||
| 008 | 200825b ||||| |||| 00| 0 eng d | ||
| 020 | _a1852915806 | ||
| 040 | _cCML | ||
| 245 |
_aTowards the National Curriculum. _cFowler, W.S. |
||
| 260 |
_aLondon _bKogan Page _c1988 |
||
| 942 |
_2ddc _cBK _h375.941 _mFOW |
||